[Event "Chigorin Memorial 28th"]
[Site "St Petersburg"]
[Date "2021.10.24"]
[Round "2"]
[White "Petrova, Varvara"]
[Black "Khakimov, Timur"]
[Result "0-1"]
[WhiteElo "1716"]
[BlackElo "2274"]
[PlyCount "82"]
[EventDate "2021.10.23"]
[EventType "swiss"]
[EventRounds "9"]
[EventCountry "RUS"]
[SourceTitle "EXT 2023"]
[Source "ChessBase"]
[SourceDate "2022.10.05"]
[SourceVersion "1"]
[SourceVersionDate "2022.10.05"]
[SourceQuality "1"]

1. e4 e5 2. Nf3 Nc6 3. Bb5 f5 4. Nc3 Nd4 5. exf5 Nxb5 6. Nxb5 e4 7. Qe2 Qe7 8. Nfd4 d5 9. Qh5+ Kd8 10. Ne6+ Bxe6 11. fxe6 Nf6 12. Qe2 Qxe6 13. d4 c6 14. Nc3 Bb4 15. Bd2 Bxc3 16. Bxc3 Qg4 17. Qxg4 Nxg4 18. Bd2 Kd7 19. Ke2 Rhf8 20. Be3 Rf6 21. c3 Raf8 22. Raf1 Rg6 23. Rfg1 h5 24. h4 Ke6 25. Rh3 Nxe3 26. Kxe3 Rg4 27. Rh2 Rff4 28. Rgh1 Kf5 29. Ke2 Rg6 30. Rd1 Rfg4 31. Rg1 Re6 32. Rh3 Reg6 33. Rh2 Kf4 34. g3+ Kf5 35. Kd2 Rf4 36. Re1 Rf3 37. Re2 Rd3+ 38. Kc2 Kg4 39. Rh1 Rf6 40. Rhe1 Rdf3 41. Rf1 e3 0-1

[Event "St Petersburg Korchnoi Memorial op"]
[Site "St Petersburg"]
[Date "2019.08.15"]
[Round "2"]
[White "Chigaeva, Anastasia"]
[Black "Petrova, Varvara"]
[Result "1-0"]
[WhiteElo "2193"]
[BlackElo "1647"]
[PlyCount "55"]
[EventDate "2019.08.14"]
[EventType "swiss"]
[EventRounds "9"]
[EventCountry "RUS"]
[SourceTitle "CBM 192"]
[Source "ChessBase"]
[SourceDate "2019.10.31"]
[SourceVersion "1"]
[SourceVersionDate "2019.10.31"]
[SourceQuality "1"]

1. d4 Nf6 2. c4 e6 3. Nf3 c5 4. d5 exd5 5. cxd5 d6 6. Nc3 g6 7. Nd2 a6 8. a4 Bg7 9. Nc4 0-0 10. Bf4 Ne8 11. g3 g5 12. Bd2 Bf5 13. Bg2 Nd7 14. a5 b5 15. axb6 Nxb6 16. Na5 h6 17. h4 Nc7 18. Nc6 Qf6 19. hxg5 hxg5 20. Qc1 Bh6 21. Rxh6 Qxh6 22. Ne7+ Kh8 23. Bxg5 Qh2 24. Bf6+ Kh7 25. Nxf5 Rae8 26. Bh4 Kg6 27. Qg5+ Kh7 28. Qg7# 1-0

[Event "St Petersburg Korchnoi Memorial op"]
[Site "St Petersburg"]
[Date "2019.08.14"]
[Round "1"]
[White "Petrova, Varvara"]
[Black "Mochalin, Faddey"]
[Result "1/2-1/2"]
[WhiteElo "1647"]
[BlackElo "2173"]
[PlyCount "94"]
[EventDate "2019.08.14"]
[EventType "swiss"]
[EventRounds "9"]
[EventCountry "RUS"]
[SourceTitle "CBM 192"]
[Source "ChessBase"]
[SourceDate "2019.10.31"]
[SourceVersion "1"]
[SourceVersionDate "2019.10.31"]
[SourceQuality "1"]

1. e4 e6 2. d4 d5 3. Nd2 Be7 4. Ngf3 Nf6 5. Bd3 c5 6. c3 cxd4 7. Nxd4 e5 8. N4f3 dxe4 9. Nxe4 Nxe4 10. Qa4+ Bd7 11. Qxe4 Bc6 12. Qe2 Nd7 13. 0-0 Qc7 14. Re1 0-0-0 15. Bc2 Rde8 16. Be3 h5 17. b4 g5 18. Bf5 g4 19. Ng5 Ref8 20. b5 Bd5 21. Red1 Bc4 22. Bxd7+ Kb8 23. Qc2 Rhg8 24. Qf5 Bxg5 25. Bxg5 Be6 26. Bxe6 fxe6 27. Qxe6 Rxg5 28. c4 Rgf5 29. Rd2 h4 30. Rad1 g3 31. f3 e4 32. Qxe4 h3 33. Qxf5 gxh2+ 34. Kh1 hxg2+ 35. Rxg2 Rxf5 36. Rg8+ Qc8 37. Rxc8+ Kxc8 38. Rd3 Rh5 39. Rd2 Rh3 40. Rf2 Kd7 41. c5 Ke6 42. Rxh2 Rxf3 43. Rh7 Ra3 44. Rxb7 Rxa2 45. c6 Kd6 46. Rd7+ Ke6 47. Rb7 Kd6 1/2-1/2

[Event "Chigorin Memorial 25th"]
[Site "St Petersburg"]
[Date "2017.10.22"]
[Round "2"]
[White "Runets, Ivan"]
[Black "Petrova, Varvara"]
[Result "1-0"]
[WhiteElo "1945"]
[BlackElo "1362"]
[PlyCount "69"]
[EventDate "2017.10.21"]
[EventType "swiss"]
[EventRounds "9"]
[EventCountry "RUS"]
[SourceTitle "CBM 181 Extra"]
[Source "ChessBase"]
[SourceDate "2017.12.12"]
[SourceVersion "1"]
[SourceVersionDate "2017.12.12"]
[SourceQuality "1"]

1. d4 Nf6 2. Nf3 g6 3. g3 d5 4. Bg2 Bg7 5. 0-0 0-0 6. Bf4 Nbd7 7. Nbd2 c5 8. c3 b6 9. Qb3 Bb7 10. Rfd1 Re8 11. Ne5 e6 12. Qc2 Rc8 13. Qa4 a6 14. Ndf3 b5 15. Qb3 cxd4 16. cxd4 Nb6 17. Rdc1 Nc4 18. a4 Nd6 19. Nd3 Bc6 20. a5 Nb7 21. Nb4 Nxa5 22. Rxa5 Qxa5 23. Nxc6 Qb6 24. Ne7+ Rxe7 25. Rxc8+ Re8 26. Qc2 Qb7 27. Rc7 Qb6 28. Ne5 Rf8 29. Qc5 Qa5 30. Nd3 Qa1+ 31. Qc1 Qa4 32. Bd6 Re8 33. Bb4 h5 34. Qb1 Qb3 35. Rc3 1-0